|
|
|
|
| LEADER |
02608nam a2200697 i 4500 |
| 001 |
nkc20223436933 |
| 003 |
CZ PrNK |
| 005 |
20220823144216.0 |
| 007 |
ta |
| 008 |
220712s2022 xr f 001 0 cze |
| 015 |
|
|
|a cnb003436933
|
| 020 |
|
|
|a 978-80-7502-493-0
|q (brožováno)
|
| 035 |
|
|
|a (OCoLC)1344358980
|
| 040 |
|
|
|a ABA001
|b cze
|d BOA001
|e rda
|
| 072 |
|
7 |
|a 347.7
|x Obchodní právo. Finanční právo. Právo průmyslového vlastnictví. Patentové právo. Autorské právo
|2 Konspekt
|9 16
|
| 080 |
|
|
|a 347.72
|2 MRF
|
| 080 |
|
|
|a 005.55:347.21
|2 MRF
|
| 080 |
|
|
|a 347.133.8:347.66
|2 MRF
|
| 080 |
|
|
|a 347.51
|2 MRF
|
| 080 |
|
|
|a 347.4
|2 MRF
|
| 080 |
|
|
|a 347.728
|2 MRF
|
| 080 |
|
|
|a 340.5
|2 MRF
|
| 080 |
|
|
|a (048.8:082)
|2 MRF
|
| 100 |
1 |
|
|a Borkovec, Aleš,
|d 1971-
|7 mub2011641228
|4 aut
|
| 245 |
1 |
0 |
|a Fiduciární povinnosti :
|b (povinnosti správců cizích záležitostí) /
|c Aleš Borkovec, Lucie Josková, Petr Tomášek
|
| 246 |
3 |
0 |
|a Povinnosti správců cizích záležitostí
|
| 250 |
|
|
|a Vydání první
|
| 264 |
|
1 |
|a Praha :
|b Leges,
|c 2022
|
| 300 |
|
|
|a 253 stran ;
|c 21 cm
|
| 336 |
|
|
|a text
|b txt
|2 rdacontent
|
| 337 |
|
|
|a bez média
|b n
|2 rdamedia
|
| 338 |
|
|
|a svazek
|b nc
|2 rdacarrier
|
| 490 |
1 |
|
|a Teoretik
|
| 504 |
|
|
|a Obsahuje bibliografii, bibliografické odkazy a rejstřík
|
| 650 |
0 |
7 |
|a řízení a správa společností
|7 ph182334
|2 czenas
|
| 650 |
0 |
7 |
|a správa majetku
|7 ph335406
|2 czenas
|
| 650 |
0 |
7 |
|a svěřenství
|7 ph731898
|2 czenas
|
| 650 |
0 |
7 |
|a právní odpovědnost
|7 ph137272
|2 czenas
|
| 650 |
0 |
7 |
|a závazky
|7 ph429636
|2 czenas
|
| 650 |
0 |
7 |
|a péče řádného hospodáře
|7 ph738683
|2 czenas
|
| 650 |
0 |
7 |
|a srovnávací právní věda
|7 ph126011
|2 czenas
|
| 650 |
0 |
9 |
|a corporate governance
|2 eczenas
|
| 650 |
0 |
9 |
|a property management
|2 eczenas
|
| 650 |
0 |
9 |
|a entail
|2 eczenas
|
| 650 |
0 |
9 |
|a liability (law)
|2 eczenas
|
| 650 |
0 |
9 |
|a obligations
|2 eczenas
|
| 650 |
0 |
9 |
|a due diligence
|2 eczenas
|
| 650 |
0 |
9 |
|a comparative law
|2 eczenas
|
| 653 |
0 |
|
|a fiduciární vztahy
|
| 653 |
0 |
|
|a fiduciární povinnosti
|
| 655 |
|
7 |
|a kolektivní monografie
|7 fd501537
|2 czenas
|
| 655 |
|
9 |
|a collective monographs
|2 eczenas
|
| 700 |
1 |
|
|a Josková, Lucie
|7 xx0119598
|4 aut
|
| 700 |
1 |
|
|a Tomášek, Petr
|7 pna2016932562
|4 aut
|
| 830 |
|
0 |
|a Teoretik
|0 s
|
| 910 |
2 |
|
|a BOA001
|b 2-1488.990
|
| 990 |
|
|
|a BK
|
| 995 |
|
|
|a 01
|
| 991 |
|
|
|b 202208
|c NOV
|
| 996 |
6 |
|
|b 2610911620
|c 2-1488.990
|l MZK
|r Sklad / do 1 hodiny
|n 0
|p p.v.
|w 001895981
|u 000010
|a 1
|e BOA001
|j MZK50
|s P
|
| 996 |
7 |
|
|b 2610912338
|c 2-1488.990
|l Vol.výběr
|r VV 0p
|n 1
|p kup
|h 347.7 BOR
|w 001895981
|u 000020
|a 0
|e BOA001
|j MZK50
|s A
|